• 首页
  • 本馆介绍
  • 公告通知
  • 最新文献
  • 馆藏检索
  • 电子资源
  • 读者导购
  • 参考咨询
  • 我的图书馆
  • 登录
  • 详细信息显示
  • 放入我的书架
  • 预约/预借图书
  • 作者相关作品
  • 分类相关作品
  • 丛书相关作品
  • 出版社相关作品

书目信息

  • 表格格式
  • 工作单格式
  • 卡片格式
题名:
行政法与行政诉讼法
    
 
作者: 胡锦光 主编
分册:  
出版信息: 北京   中国人民大学出版社  2014
页数: 281页
开本: 26cm
丛书名:
单 册:
中图分类: D922.101
科图分类:
主题词: 行政法--Hang Zheng Fa--中国--远程教育--教材 , 行政诉讼法--Hang Zheng Su Song Fa--中国--远程教育--教材
电子资源:
ISBN: 978-7-300-17867-7
000 01062nam0 22002651 450
001 350477
005 20161011151417.04
010    @a978-7-300-17867-7@dCNY36.00
100    @a20140224d2014 em y0chiy50 ea
101 0  @achi
102    @aCN@b110000
105    @ay z 000yy
106    @ar
200 1  @a行政法与行政诉讼法@AHang Zheng Fa Yu Hang Zheng Su Song Fa@f胡锦光主编
205    @a3版
210    @a北京@c中国人民大学出版社@d2014
215    @a281页@d26cm
300    @a21世纪远程教育精品教材·法学系列
330    @a本书分为二十章,内容包括:行政法概述、行政主体、行政行为概述、行政立法、行政许可、行政强制、行政征收、行政给付、行政裁决、行政处罚、行政合同、行政指导、行政程序、行政责任、行政复议、行政赔偿、行政诉讼概述、行政诉讼参加人、行政诉讼证据与程序等。
606 0  @a行政法@AHang Zheng Fa@y中国@x远程教育@j教材
606 0  @a行政诉讼法@AHang Zheng Su Song Fa@y中国@x远程教育@j教材
690    @aD922.101@v5
701  0 @a胡锦光@AHu Jin Guang@f(1960~)@4主编@4撰稿
801  0 @aCN@bTANGWEI@c20160804
905    @b0890230-4@dD922.101@e1384=3@f5
    
    行政法与行政诉讼法/胡锦光主编.-3版.-北京:中国人民大学出版社,2014
    281页;26cm
    21世纪远程教育精品教材·法学系列
    
    ISBN 978-7-300-17867-7:CNY36.00
    本书分为二十章,内容包括:行政法概述、行政主体、行政行为概述、行政立法、行政许可、行政强制、行政征收、行政给付、行政裁决、行政处罚、行政合同、行政指导、行政程序、行政责任、行政复议、行政赔偿、行政诉讼概述、行政诉讼参加人、行政诉讼证据与程序等。
●
相关链接 在E读中查询图书 在五车中查询图书 在当当中查询图书 在豆瓣中查询图书


正题名:行政法与行政诉讼法     索取号:D922.101/1384=3         预约/预借

序号 登录号 条形码 馆藏地/架位号 状态 备注
1 0890230   208902302   第一样本阅览室/ [索取号:D922.101/1384=3] 在馆    
2 0890231   208902311   第一借阅区/ [索取号:D922.101/1384=3] 在馆    
3 0890232   208902320   第一借阅区/ [索取号:D922.101/1384=3] 在馆    
4 0890233   208902339   第一借阅区/ [索取号:D922.101/1384=3] 在馆    
5 0890234   208902348   密集书库-史法系/ [索取号:D922.101/1384=3] 在馆    
唐山师范学院图书馆 欢迎您!
大连网信软件有限公司© 版权所有